• 首页
  • 本馆介绍
  • 公告通知
  • 最新文献
  • 馆藏检索
  • 电子资源
  • 读者导购
  • 参考咨询
  • 我的图书馆
  • 登录
  • 详细信息显示
  • 放入我的书架
  • 预约/预借图书
  • 作者相关作品
  • 分类相关作品
  • 丛书相关作品
  • 出版社相关作品

书目信息

  • 表格格式
  • 工作单格式
  • 卡片格式
题名:
辽金史研究
    
 
作者: 都兴智 著
分册:  
出版信息: 北京   人民出版社  2004
页数: 337页
开本: 20cm
丛书名:
单 册:
中图分类: K246.07
科图分类:
主题词: 古代史--研究--中国--辽宋金元时代 , 古代史
电子资源:
ISBN: 7-01-004767-7
000 00827nam0 2200265 450
001 0900000024818
005 20051212111831.59
010    @a7-01-004767-7@dCNY25.00
092    @aCN
100    @a20050311d2004 ekmy0chiy0120 ea
101 0  @achi
102    @aCN@b110000
105    @ay az 000yy
200 1  @a辽金史研究@9liao jin shi yan jiu@f都兴智著@Fdou xing zhi zhu
210    @a北京@c人民出版社@d2004
215    @a337页@d20cm
320    @a有书目
330    @a本书主要内容包括:辽金教育和科举研究;辽金文献政治军事制度及相关问题的研究;辽金历史地理研究;辽金契丹女真风俗习惯研究;辽金人物研究。
606 0  @a古代史@x研究@y中国@z辽宋金元时代
606 0  @a古代史
690    @aK246.07@v4
701  0 @a都兴智@Adou xing zhi@4著
801  0 @aCN@bCXYBOOK@c20051212
905    @a10447@dK246.07@e18
999    @aZXL@eJDD
    
    辽金史研究/都兴智著.-北京:人民出版社,2004
    337页;20cm
    
    
    ISBN 7-01-004767-7:CNY25.00
    本书主要内容包括:辽金教育和科举研究;辽金文献政治军事制度及相关问题的研究;辽金历史地理研究;辽金契丹女真风俗习惯研究;辽金人物研究。
●
相关链接 在E读中查询图书 在五车中查询图书 在当当中查询图书 在豆瓣中查询图书


正题名:辽金史研究     索取号:K246.07/18         预约/预借

序号 登录号 条形码 馆藏地/架位号 状态 备注
1 0370794   203707943   第二样本阅览室/ [索取号:K246.07/18] 在馆    
2 0370795   203707952   第二借阅区/ [索取号:K246.07/18] 在馆    
3 0370796   203707961   第二借阅区/ [索取号:K246.07/18] 在馆    
4 0370797   203707970   第二借阅区/ [索取号:K246.07/18] 在馆    
5 0370798   203707989   第二借阅区/ [索取号:K246.07/18] 在馆    
6 0370799   203707998   第二借阅区/ [索取号:K246.07/18] 在馆    
7 0370800   203708005   第二借阅区/ [索取号:K246.07/18] 在馆    
8 0370801   203708014   第二借阅区/ [索取号:K246.07/18] 在馆    
9 0370802   203708023   第二借阅区/ [索取号:K246.07/18] 在馆    
10 0370803   203708032   第二借阅区/ [索取号:K246.07/18] 在馆    
唐山师范学院图书馆 欢迎您!
大连网信软件有限公司© 版权所有